000 00573nmc a2200241 a 4500
003 AR-BaBNM
005 20251128211500.0
008 274020s2004 ||||||||||||||000 | spa||
020 _a950-24-1078-5
040 _cAR-BaBNM
100 1 _aEstefanía, Laura
245 1 0 _aMagia a la carta
250 _a1ª ed.
260 _aBuenos Aires
_bAlbatros
_c2004
300 _a63 p.
_bil.
490 0 _aAbracadabra
650 4 _aMAGIA
650 4 _aACTIVIDADES RECREATIVAS
650 4 _aJUEGO
700 0 _aA cuatro manos
_eilustrador
942 _cBK
998 _craquel
999 _c19830
_d19830